| 000 -CABECERA |
| Longitud fija campo de control |
00706nam a22002057a 4500 |
| 003 - IDENTIFICADOR DEL NÚMERO DE CONTROL |
| Identificador del número de control |
OSt |
| 005 - FECHA Y HORA DE LA ÚLTIMA TRANSACCIÓN |
| Fecha y hora de la última transacción |
20131210103129.0 |
| 008 - CÓDIGOS DE INFORMACIÓN DE LONGITUD FIJA |
| Códigos de información de longitud fija |
131009b xxu||||| |||| 00| 0 eng d |
| 040 ## - FUENTE DE LA CATALOGACIÓN |
| Centro transcriptor |
Centre de Documentació Montserrat Roig |
| Lengua de catalogación |
cat |
| 245 00 - MENCIÓN DE TÍTULO |
| Título |
Televisión |
| Resto del título |
: una introducción a la teledifusión |
| Mención de responsabilidad, etc. |
Robert L. Hilliard, compilador ; Tom C. Battin... [et al.] |
| 246 ## - VARIANTES DE TÍTULO |
| Título propio / Título en breve |
Understanding television |
| 260 ## - PUBLICACIÓN, DISTRIBUCIÓN, ETC. (PIE DE IMPRENTA) |
| Lugar de publicación, distribución, etc. |
México |
| Fecha de publicación, distribución, etc. |
1969 |
| Nombre del editor, distribuidor, etc. |
Editores Asociados |
| 300 ## - DESCRIPCIÓN FÍSICA |
| Extensión |
365 p. |
| 490 ## - MENCIÓN DE SERIE |
| Mención de serie |
Didàctica Moderna |
| 500 ## - NOTA GENERAL |
| Nota general |
Publicada originàriament per Hastings, Publishers, NY. |
| 650 04 - PUNTO DE ACCESO ADICIONAL DE MATERIA - TÉRMINO DE MATERIA |
| 9 (RLIN) |
597 |
| Término de materia o nombre geográfico como elemento inicial |
Televisió |
| 700 1# - PUNTO DE ACCESO ADICIONAL - NOMBRE DE PERSONA |
| 9 (RLIN) |
2680 |
| Nombre de persona |
Hilliard, Robert L. |
| Término indicativo de función |
comp. |
| 700 1# - PUNTO DE ACCESO ADICIONAL - NOMBRE DE PERSONA |
| 9 (RLIN) |
4031 |
| Nombre de persona |
Battin, C. Tom |
| 942 ## - ENTRADA DE ELEMENTOS AGREGADOS (KOHA) |
| Fuente de clasificaión o esquema |
|
| Koha [por defecto] tipo de item |
Monografies |